<?xml version="1.0" encoding="UTF-8"?>
<record
    xmlns:xsi="http://www.w3.org/2001/XMLSchema-instance"
    xsi:schemaLocation="http://www.loc.gov/MARC21/slim http://www.loc.gov/standards/marcxml/schema/MARC21slim.xsd"
    xmlns="http://www.loc.gov/MARC21/slim">

  <leader>00709nam a22001817a 4500</leader>
  <controlfield tag="005">20260417144434.0</controlfield>
  <controlfield tag="008">260416b        |||||||| |||| 00| 0 eng d</controlfield>
  <datafield tag="020" ind1=" " ind2=" ">
    <subfield code="a">978-93-6392-408-6</subfield>
  </datafield>
  <datafield tag="040" ind1=" " ind2=" ">
    <subfield code="a">National Science Library</subfield>
    <subfield code="c">National Science Library</subfield>
  </datafield>
  <datafield tag="080" ind1=" " ind2=" ">
    <subfield code="a">811.21+811.214.21 </subfield>
    <subfield code="b">R5</subfield>
  </datafield>
  <datafield tag="245" ind1=" " ind2=" ">
    <subfield code="a">&#x92D;&#x93E;&#x930;&#x924;&#x940;&#x92F; &#x92D;&#x93E;&#x937;&#x93E;&#x90F;&#x901; &#x914;&#x930; &#x930;&#x93E;&#x91C;&#x92D;&#x93E;&#x937;&#x93E; &#x939;&#x93F;&#x928;&#x94D;&#x926;&#x940;:</subfield>
    <subfield code="b">&#x938;&#x939;-&#x905;&#x938;&#x94D;&#x924;&#x93F;&#x924;&#x94D;&#x935; &#x915;&#x940; &#x917;&#x93E;&#x925;&#x93E;</subfield>
  </datafield>
  <datafield tag="246" ind1=" " ind2=" ">
    <subfield code="a">Bhartiya bhashaye aur rajbhasha hindi:</subfield>
    <subfield code="b">Sah-astitva ki gatha </subfield>
  </datafield>
  <datafield tag="260" ind1=" " ind2=" ">
    <subfield code="a">New Delhi:</subfield>
    <subfield code="b">Prakashan Vibhag Suchna Evam Prakashan Mantralaya,</subfield>
    <subfield code="c">2025</subfield>
  </datafield>
  <datafield tag="300" ind1=" " ind2=" ">
    <subfield code="a">258p.</subfield>
  </datafield>
  <datafield tag="365" ind1=" " ind2=" ">
    <subfield code="b">195</subfield>
    <subfield code="c">INR</subfield>
  </datafield>
  <datafield tag="700" ind1=" " ind2=" ">
    <subfield code="a">Sharma, Raghuveer ed.</subfield>
  </datafield>
  <datafield tag="942" ind1=" " ind2=" ">
    <subfield code="2">udc</subfield>
    <subfield code="c">HBK</subfield>
  </datafield>
  <datafield tag="999" ind1=" " ind2=" ">
    <subfield code="c">67875</subfield>
    <subfield code="d">67875</subfield>
  </datafield>
  <datafield tag="952" ind1=" " ind2=" ">
    <subfield code="0">0</subfield>
    <subfield code="1">0</subfield>
    <subfield code="2">udc</subfield>
    <subfield code="4">0</subfield>
    <subfield code="6">8112181121421_R5</subfield>
    <subfield code="7">0</subfield>
    <subfield code="9">183466</subfield>
    <subfield code="a">NSL</subfield>
    <subfield code="b">NSL</subfield>
    <subfield code="c">GF/REF/Rk-1/C-2/R-5</subfield>
    <subfield code="d">2026-02-18</subfield>
    <subfield code="l">0</subfield>
    <subfield code="o">811.21+811.214.21 R5</subfield>
    <subfield code="p">291163</subfield>
    <subfield code="r">2026-04-16 15:15:00</subfield>
    <subfield code="w">2026-02-18</subfield>
    <subfield code="y">HBK</subfield>
  </datafield>
</record>
